000 02251nam0a2200385 4500
001 RU\NLR\bibl\1679987
005 20260408203321.0
010 _a978-5-7621-0562-0
021 _aRU
_b2010-63466
_94168
035 _a(nilc)RSL-KNO-004721071
035 _a(NLR Aleph) 001671196
090 _a1042537
_c1042537
100 _a20100816d2010 |||y0rusy50 ca
101 0 _arus
102 _aRU
105 _ay zzzz|||||
200 1 _aСовременные аудиовизуальные технологии в художественном творчестве и высшем образовании :
_eматериалы II Всероссийской научно-практической конференции, 27 марта 2010 года
_fСанкт-Петербургский гуманитарный ун-т профсоюзов
_gнауч. ред.: Е. А. Полехина
210 _aСанкт-Петербург
_cСПбГУП
_d2010
215 _a82, [1] с.
_d20
300 _aУказ.
606 1 _aЗвукорежиссура
_jСъезды, совещания и т.п.
_xКадры
_xПодготовка
_92605589
_3RU\NLR\auth\661542147
606 1 _aМузыка
_jСъезды, совещания и т.п.
_9888123
_3RU\NLR\auth\66429
606 _aВысшие музыкальные учебные заведения
_xПреподавание
_xАудиовизуальные методы
_jСъезды, совещания и т.п.
_3RU\NLR\auth\661534954
_92598006
686 1 _aЩ31я431
686 1 _aЧ488.757.841я431
686 1 _aЧ488.782.125я431
702 1 _aПолехина
_bЕ. А.
_4340
711 1 2 _a"Современные аудиовизуальные технологии в художественном творчестве и высшем образовании", всероссийская научно-практическая конференция
_d2
_f2010
_eСанкт-Петербург
_3RU\NLR\AUTH\8810164280
_9824624
801 0 _aRU
_bРГБ
_c20100816
_grcr
801 1 _aRU
_bРГБ
_c20100816
801 2 _aRU
_bNLR
_c20100930
_grcr
942 _cBOOK
980 _aNB